[Event "Montreal Pere Noel op"]
[Site "Montreal"]
[Date "2010.12.27"]
[Round "2"]
[White "Pilotte, Benoit"]
[Black "Schommer, Philippe"]
[Result "0-1"]
[WhiteElo "1744"]
[BlackElo "1909"]
[PlyCount "60"]
[EventDate "2010.12.26"]
[EventType "swiss"]
[EventRounds "5"]
[EventCountry "CAN"]
[SourceTitle "EXT 2013"]
[Source "ChessBase"]
[SourceDate "2012.11.22"]
[SourceVersion "1"]
[SourceVersionDate "2012.11.22"]
[SourceQuality "1"]

1. g4 h6 2. Bg2 d6 3. d4 Nf6 4. h3 Nbd7 5. Nf3 e5 6. e4 c6 7. Nc3 b5 8. a3 Bb7 9. 0-0 Be7 10. b4 Qc7 11. Qe2 a6 12. Bb2 Nb6 13. Rad1 Nc4 14. Bc1 Nd7 15. Nd2 Ndb6 16. Nb3 0-0 17. f4 g6 18. g5 hxg5 19. f5 Bf6 20. Rd3 exd4 21. fxg6 fxg6 22. Rxf6 Rxf6 23. Bxg5 Rf7 24. Nxd4 Ne5 25. Rg3 Rh7 26. h4 Qf7 27. Nf5 gxf5 28. Bd8+ Kf8 29. Bxb6 f4 30. Rg5 f3 0-1

[Event "Sherbrooke op"]
[Site "Sherbrooke"]
[Date "2010.05.30"]
[Round "5"]
[White "Kraiouchkine, Nikita"]
[Black "Schommer, Philippe"]
[Result "1/2-1/2"]
[WhiteElo "2208"]
[BlackElo "1834"]
[PlyCount "67"]
[EventDate "2010.05.28"]
[EventType "swiss"]
[EventRounds "5"]
[EventCountry "CAN"]
[SourceTitle "EXT 2022"]
[Source "ChessBase"]
[SourceDate "2021.10.06"]
[SourceVersion "1"]
[SourceVersionDate "2021.10.06"]
[SourceQuality "1"]

1. e4 d6 2. d4 Nf6 3. Nc3 Nbd7 4. f4 e5 5. Nf3 exd4 6. Qxd4 c6 7. a4 d5 8. e5 Bc5 9. Qd1 Ng4 10. Nd4 Ngxe5 11. Nb3 Ng6 12. Nxc5 Qe7+ 13. Qe2 Qxe2+ 14. Bxe2 Nxc5 15. b4 Ne4 16. Nxe4 dxe4 17. Kf2 0-0 18. c4 f5 19. Ke3 Be6 20. Bb2 Rfd8 21. Rhd1 Kf7 22. a5 Nh4 23. g3 Nf3 24. h4 g6 25. Bc3 Ke8 26. Rxd8+ Rxd8 27. Rd1 Rxd1 28. Bxd1 Bxc4 29. Bxf3 exf3 30. Kxf3 b6 31. axb6 axb6 32. Bd4 c5 33. bxc5 bxc5 34. Bxc5 1/2-1/2

[Event "BEL-ch U16"]
[Site "Houffalize"]
[Date "2009.04.18"]
[Round "8"]
[White "Van de Moortel, Soraya"]
[Black "Schommer, Philippe"]
[Result "1-0"]
[WhiteElo "1754"]
[BlackElo "1340"]
[PlyCount "71"]
[EventDate "2009.04.13"]
[EventType "swiss"]
[EventRounds "9"]
[EventCountry "BEL"]
[SourceTitle "EXT 2012"]
[Source "ChessBase"]
[SourceDate "2011.11.24"]
[SourceVersion "1"]
[SourceVersionDate "2011.11.24"]
[SourceQuality "1"]

1. e4 e5 2. d4 exd4 3. Nf3 Nc6 4. Bc4 Bc5 5. c3 Nf6 6. cxd4 Bb4+ 7. Bd2 Bxd2+ 8. Nbxd2 d5 9. exd5 Nxd5 10. 0-0 0-0 11. Re1 Bg4 12. Nb3 Ncb4 13. Re5 Qd7 14. Nc5 Qc6 15. Rc1 Rad8 16. a3 f6 17. Re4 Bf5 18. Rf4 Qd6 19. Rxf5 g6 20. Nxb7 Qe7 21. Nxd8 gxf5 22. axb4 Rxd8 23. Qd3 c6 24. Re1 Qf7 25. Qc2 Qd7 26. Nh4 Re8 27. Rxe8+ Qxe8 28. Kf1 Kf8 29. Bxd5 cxd5 30. Qxf5 Qb5+ 31. Kg1 Qa6 32. h3 Qa1+ 33. Kh2 Qxb2 34. Qxf6+ Kg8 35. Nf5 Qxf2 36. Qg7# 1-0